|
|
|
|
| LEADER |
01264nam a2200385 a 4500 |
| 001 |
000705006 |
| 003 |
CZ BrMZK |
| 005 |
20040305105622.0 |
| 007 |
ta |
| 008 |
040202s1996 xr a e 000 0 eng d |
| 015 |
|
|
|a cnb001306579
|
| 020 |
|
|
|a 80-86059-13-8
|q (brož.)
|
| 035 |
|
|
|a (OCoLC)85097271
|
| 040 |
|
|
|a BOA001
|b cze
|
| 041 |
1 |
|
|a eng
|h cze
|
| 072 |
|
7 |
|a 544
|x Fyzikální chemie
|2 Konspekt
|9 10
|
| 080 |
|
|
|a (035)
|2 MRF
|
| 080 |
|
|
|a 544.726
|2 MRF
|
| 080 |
|
|
|a 544.47
|2 MRF
|
| 100 |
1 |
|
|a Jeřábek, Karel,
|d 1943-
|7 mzk2004217488
|4 aut
|
| 245 |
1 |
0 |
|a Ion exchanger catalysts /
|c Karel Jeřábek
|
| 250 |
|
|
|a 1st ed.
|
| 260 |
|
|
|a Prague :
|b Process Engineering Publisher,
|c 1996
|
| 300 |
|
|
|a 23 s. :
|b il. ;
|c 30 cm
|
| 490 |
1 |
|
|a MAPRET : manual of process engineering and technology series
|v 11/1996
|
| 500 |
|
|
|a Nad názvem: Czech Society of Chemical Engineering
|
| 500 |
|
|
|a Překlad z češtiny
|
| 504 |
|
|
|a Obsahuje bibliografii
|
| 650 |
0 |
7 |
|a katalýza
|7 ph121514
|2 czenas
|
| 650 |
0 |
7 |
|a iontová výměna
|7 ph121185
|2 czenas
|
| 655 |
|
7 |
|a příručky
|7 fd133209
|2 czenas
|
| 830 |
|
0 |
|a MAPRET
|
| 910 |
|
|
|a BOA001
|b 3-1128.852
|
| 990 |
|
|
|a BK
|
| 996 |
6 |
|
|b 2610211833
|c 3-1128.852
|l MZK
|r Sklad / do 1 hodiny
|n 0
|p p.v.
|w 000705006
|u 000010
|a 1
|e BOA001
|j MZK50
|s P
|